Corazones de tierra / (Registro nro. 3915)
[ vista simple ]
| 000 -LEADER | |
|---|---|
| fixed length control field | 00827nam a2200217Ia 4500 |
| 003 - CONTROL NUMBER IDENTIFIER | |
| control field | OSt |
| 005 - DATE AND TIME OF LATEST TRANSACTION | |
| control field | 20250702125944.0 |
| 008 - FIXED-LENGTH DATA ELEMENTS--GENERAL INFORMATION | |
| fixed length control field | 191128s1988 ck gr 000 p spa d |
| 040 ## - CATALOGING SOURCE | |
| Original cataloging agency | CO-JMCR |
| Transcribing agency | CO-JMCR |
| 041 ## - LANGUAGE CODE | |
| Language code of text/sound track or separate title | spa |
| 082 04 - DEWEY DECIMAL CLASSIFICATION NUMBER | |
| Classification number | A-P |
| Item number | SILc |
| 100 1# - MAIN ENTRY--PERSONAL NAME | |
| Personal name | Silva García, Juan Manuel, |
| Relator term | autor |
| 9 (RLIN) | 9485 |
| 245 #0 - TITLE STATEMENT | |
| Title | Corazones de tierra / |
| Statement of responsibility, etc. | Juan Manuel Silva Garcia |
| 250 ## - EDITION STATEMENT | |
| Edition statement | 1a. edición |
| 260 ## - PUBLICATION, DISTRIBUTION, ETC. | |
| Place of publication, distribution, etc. | Bogotá : |
| Name of publisher, distributor, etc. | Boca Nada Edicicones, |
| Date of publication, distribution, etc. | ©1988 |
| 300 ## - PHYSICAL DESCRIPTION | |
| Extent | 97 páginas ; |
| Dimensions | 22 cm. |
| 500 ## - GENERAL NOTE | |
| General note | Incluye datos biográficos del autor en solapa frontal. |
| 505 ## - FORMATTED CONTENTS NOTE | |
| Formatted contents note | Corazones de tierra -- Ojos de Bruma -- En la tierra -- El suicida -- El salto -- Y los caros juegos del escéptico -- Ante las muertes súbitas -- La invasión -- Enloqiuecer de amor oscuro -- Anarquista |
| 650 14 - SUBJECT ADDED ENTRY--TOPICAL TERM | |
| Topical term or geographic name entry element | Poesía |
| 9 (RLIN) | 9486 |
| 942 ## - ADDED ENTRY ELEMENTS (KOHA) | |
| Source of classification or shelving scheme | Dewey Decimal Classification |
| Koha item type | Books |
| Withdrawn status | Lost status | Source of classification or shelving scheme | Damaged status | Not for loan | Collection code | Home library | Current library | Date acquired | Source of acquisition | Full call number | Barcode | Date last seen | Copy number | Koha item type |
|---|---|---|---|---|---|---|---|---|---|---|---|---|---|---|
| Dewey Decimal Classification | Fiction | Biblioteca Pública José María del Castillo y Rada | Biblioteca Pública José María del Castillo y Rada | 11/28/2019 | Donación | A-P SILc | 201808589 | 11/28/2019 | Ej.1 | Books |